Malaysia property 1997 : a mid year review

Bibliographic Details
Main Author: Ravindra Dass
Format: Book
Published: Kuala Lumpur : dass Lee & Mohamad Sdn Bhd , 1997
Subjects:

MARC

LEADER 00000cam a2200000 7i4500
001 0000005565
005 20050422.0
040 |a INS 
090 0 0 |a H62.5   |b R197 1997 
100 0 |a Ravindra Dass 
245 0 0 |a Malaysia property 1997 :   |b a mid year review   |c Ravindra Dass 
260 |a Kuala Lumpur :   |b dass Lee & Mohamad Sdn Bhd ,   |c 1997 
300 |a i :   |b 48p ;   |c 29cm. 
650 0 0 |a Real Property   |x Valuation   |y Malaysia 
999 |a 0000007303   |b BOOK   |c Open Shelf   |e Default branch